| 000 | 01178nkm a22002297a 4500 | ||
|---|---|---|---|
| 001 | 85829 | ||
| 005 | 20260429094905.0 | ||
| 007 | kh bo | ||
| 008 | 260421s1980 sp ||||| |||| 00| 0 spa d | ||
| 040 |
_aM-RABA _bspa _cM-RABA |
||
| 245 | 0 | 1 |
_a[Estudio de dos cabezas masculinas _b: de Jacob Jordaens] _h[Material gráfico] |
| 260 | _c[ca. 1980] | ||
| 300 |
_a1 fotografía _b: impresión fotomecánica _c; 20 x 25 cm |
||
| 500 | 0 | 0 | _aFotografía que representa el cuadro de "Estudio de dos cabezas masculinas" del pintor barroco flamenco Jacob Jordaens. |
| 500 | 0 | 0 | _aNota manuscrita a lápiz en el verso de la imagen: "Llega al Archivo entre los papeles de D. Luis Blanco Soler, entregados 27 junio 1988" |
| 600 | 1 | 7 |
_aJordaens, Jacob ( _d1593-1678) _9959 |
| 655 | 7 |
_aFotografías de obras de arte _975675 |
|
| 852 | _jFot-730 | ||
| 856 |
_uhttps://archivoybiblioteca.realacademiabellasartessanfernando.com/cgi-bin/koha/opac-retrieve-file.pl?id=2c68adb67b660b0bbedf0d40e700b4c8 _yFot-730r |
||
| 856 |
_uhttps://archivoybiblioteca.realacademiabellasartessanfernando.com/cgi-bin/koha/opac-retrieve-file.pl?id=a6d6ac2a9c95069afcc571f6395186c4 _yFot-730v |
||
| 942 |
_cFOTOGRAFÍA _n0 |
||
| 999 |
_c85829 _d85829 |
||